| 000 | nam a22 7a 4500 | ||
|---|---|---|---|
| 999 |
_c129811 _d129811 |
||
| 008 | 190905b xxu||||| |||| 00| 0 eng d | ||
| 050 |
_aSPC. DT1.T50 _bM987 |
||
| 100 |
_aMusina, Underson _948077 |
||
| 245 |
_aLand and ethics in Zimbabwe _cUnderson Musina |
||
| 260 |
_aHarare _bArrupe Jesuit University _c2018 |
||
| 300 |
_avi, 79p. ; _c31cm. |
||
| 500 | _aThesis | ||
| 650 |
_aLand tenure _zZimbabwe _911112 |
||
| 942 |
_2lcc _cMONOGRAPH |
||